000 00355nam a2200157Ia 4500
001 9180
003 GE_BSU
008 181216s||||||||xx |||||||||||||| ||und||
040 _cGE_BSU
245 4 _aThe Economist, march 8Th-141st. 2014
245 _bNumber 8877 Volume410
260 _c2014
300 _a78p.27cm.
653 _aThe Economist
942 _cCR
999 _c42484
_d42484